01359 2200493 4500001002100000005001500021035002500036008004100061020002200102040001700124041000800141082001400149084001600163090001800179090002000197090002100217090001900238100002200257245011100279250002600390260003500416300004600451650002100497650001200518700001300530700001600543850001200559990002100571990001800592990001800610990001800628990001800646990001800664990001800682990001800700990002100718990001800739990001800757990001800775990001800793990001800811990001800829990001800847INLIS00000000002472420181116091112 a0010-011700000000224170117s2016 yoia a | ind d a978-602-407-024-3 aYOPDYOGbind0 aind04223a372.4 a372.4 ARA b aK 372.4 ARA b aDEP 372.4 ARA b aCB.D-11/2016-989 aPK 372.4 ARA b0 aAra,d1986-gMama1 aBerlatih membaca lewat gambar :buntuk PAUD dan TK /cMama Ara; penyunting, Mahadewa; ilustrasi, Kak Laksa aCetakan Pertama: 20163 aYogyakarta :bDIVA Kids,c2016 a76 halaman :bilustrasi berwarna ;c27 cm 4aPendidikan dasar 4aMembaca0 aMahadewa1 aLaksa,jKak aYOPDYOG aCB.D-11/2016-989 a29764-PD/B.17 a29765-PD/B.17 a29766-PD/B.17 a33274-PD/B.18 a33275-PD/B.18 a33276-PD/B.18 a33277-PD/B.18 aCB-D.11/2016-989 a29764-PD/B.17 a29765-PD/B.17 a29766-PD/B.17 a33274-PD/B.18 a33275-PD/B.18 a33276-PD/B.18 a33277-PD/B.18